| 000 | 01361nam a2200349 c 4500 | ||
|---|---|---|---|
| 999 |
_c7140 _d7140 |
||
| 003 | BLK | ||
| 005 | 20201203172718.0 | ||
| 008 | 180412b bul|||||r ||||||| ||bul|| | ||
| 010 | _aKNG00008412000 | ||
| 020 | _a954-8163-36-5 | ||
| 040 | _aBLK | ||
| 041 |
_aBUL _cBUL |
||
| 080 |
_aВодни транспортни средства. Морски транспортни средства. Плавателни съдове. Кораби. Корабостроене _b629.5 _z629.5 |
||
| 100 | 1 |
_aЧонев, Чони _eпърви автор _9252230 |
|
| 139 |
_aЧонев, Чони _bЧ 91 |
||
| 245 | 1 | 0 |
_aКорабите _bНаучнопопул. четиво : Т. 1 - _cЧони Чонев. _nТ. 1 _pЕрата на греблата и платната |
| 257 | _aBGR | ||
| 260 | _c1995 - | ||
| 300 | _c23 см | ||
| 380 | _a62 | ||
| 500 | _aОфс. изд. | ||
| 650 | 4 |
_aКораби _9159349 |
|
| 650 | 4 |
_aКорабоплаване _9159415 |
|
| 650 | 4 |
_aКорабостроене _9159429 |
|
| 653 | _aкораби | ||
| 760 | 1 |
_aЧонев, Чони _dЛитера Прима, 1995 _h328 с. : с ил., табл., к. _tТ. 1 Ерата на греблата и платната |
|
| 852 | _aЦб 183444 | ||
| 856 | 4 |
_qpdf _u |
|
| 856 | 4 |
_qpdf _u |
|
| 942 |
_cKNG _n0 _s1 _01 |
||
| 944 |
_aCR _c15.01.2003 _kКети_Илиева |
||
| 944 |
_aED _c17.09.2011 |
||
| 999 | _d7140 | ||